1794 1568 1175 1058 1057 1765 1986 1001 1713 1320 1008 1784 1871 1053 1295 1508 1129 1165 1841 1784 1602 1443 1951 1766 1749 1013 1962 1591 1274 1144 1141 1660 1727 1576 1049 1466 1908 1239 1354 1521 1091 1860 1331 1885 1094 1175 1680 1507 1660 1975 1442 1361 1349 1208 1605 1806 1263 1749 1116 1200 1662 1447 1210 1748 1037 1581 1162 1830 1542 1214 1767 1843 1686 1625 1225 1012 1200 1227 1414 1282 1697 1932 1805 1370 1799 1493 1604 1595 1928 1091 1043 1038 1564 1655 1240 1430 1800 1797 1121 BCNSPRNW ULIB Ver.6.0+V

เปลี่ยนเป็นภาษาไทย

Change to English
 แสดงรายละเอียดบรรณานุกรม
  กลับหน้าหลัก

Brief Record : Get Marc (ISO 2709) : E-mail record : QR code < ปิดหน้าต่าง
LEADER : 00000nam 2200000uu 4500
001    13399113612
003     ULIB
008    111128s2552||||th 000 0 tha d
020    ^a9789745181519
090    ^aนว.^bส174ร 2552
100 0  ^aสเตฟนี เมเยอร์
245 00 ^aTwilight แรกรัตติกาล/^cสเตฟนี เมเยอร์
250    ^aพิมพ์ครั้งที่ 15
260    ^aกรุงเทพฯ :^bปราชญ์เปรียว,^c2552
300    ^a452 หน้า
710 1  ^aปราชญ์เปรียว
945    ^p365^l0^i16310
995    ^aทศพร
999    ^aใช้งานได้ทุกระบบ
รายการนี้ยังไม่มีแท็ก
คุณยังไม่ได้ล็อกอิน คุณสามารถมีกิจกรรมร่วมกับเว็บไซต์ได้ แต่ต้องล็อกอินก่อน ::
  ล็อกอิน

รายการสื่อสารสนเทศ

ลำดับที่ ประเภท เลขเรียก/บาร์โค้ด สถานที่ สถานะ
1. นวนิยาย
นวนิยาย
นว. ส174ร 2552 ฉ.1 
  Barcode: 16310
ห้องสมุดวิทยาเขตสวรรค์ประชารักษ์
►นวนิยาย
บนชั้น
  ขอยืม

รายการใกล้เคียง
    ผู้แต่ง [สเตฟนี เมเยอร์]

BibComment


ยังไม่เคยถูกคอมเมนท์

คอมเมนท์ทรัพยากรรายการนี้
  คอมเมนท์: Twilight แรกรัตต..


 Copyright 2026. Bcnsprnw @Library